000 00316nam a2200133Ia 4500
008 240624s9999 xx 000 0 und d
041 _aeng
082 _a823 JEN
100 _aJENKINS HAROLD
245 _aHAMLET
260 _c2004
_aNew Delhi
_bEast West Press
300 _axvii, : 574 : p. : cm. ; 18
365 _cRS
999 _c7932
_d7932